La Hisenda dels petits municipis : contribució a l'estudi de la seva solució : conferència donada el dia 6 de juliol de 1916... / per Alfred Pereña contribució a l'estudi de la seva solució :
Descripción Física:
95 p. ; 25 cm
Materias:
Finances municipals
MARC
| LEADER | 00000nam a2200000Ia 4500 | ||
|---|---|---|---|
| 001 | 404 | ||
| 008 | 160829s1917 xx 000 0 cat d | ||
| 080 | |a M-1-232 | ||
| 100 | |a Pereña, Alfredo |9 23479 | ||
| 245 | |a La Hisenda dels petits municipis : |b contribució a l'estudi de la seva solució : |b conferència donada el dia 6 de juliol de 1916... / per Alfred Pereña | ||
| 260 | |a Barcelona : |b (Imp. de la Casa de Caritat), |c 1917 | ||
| 300 | |a 95 p. ; |c 25 cm | ||
| 590 | |a Hi ha un duplicat a: DUP-257 | ||
| 650 | 0 | |a Finances municipals |9 22579 | |
| 710 | 2 | |a Catalunya. |b Mancomunitat |9 53015 | |
| 856 | 4 | |u https://media.diba.cat/diba/fitxers/arxiu/mancomunitat/bib_404_1917_baixa.pdf |y Accés lliure | |
| 901 | |a Arxiu | ||
| 942 | |n 1 |2 udc | ||
| 952 | |0 0 |1 0 |4 0 |6 M1232 |7 1 |9 42725 |a Arxiu |b Arxiu |d 2016-12-01 |l 0 |o M-1-232 |p 404 |r 2016-12-01 00:00:00 |w 2016-12-01 |y ARXIU | ||
| 999 | |c 45231 |d 45231 | ||
| 900 | |a bib_404_1917_baixa.pdf | ||